AH International Schools' Libraries

Law For Beginners / (Record no. 48270)

MARC details
000 -LEADER
fixed length control field 00405nam a2200121 4500
020 ## - INTERNATIONAL STANDARD BOOK NUMBER
International Standard Book Number 9781474981347
100 ## - MAIN ENTRY--PERSONAL NAME
Personal name Hall, Rose,
Relator term author.
9 (RLIN) 83641
245 ## - TITLE STATEMENT
Title Law For Beginners /
Statement of responsibility, etc written by Rose Hall and Lara Bryan, illustrated by Miguel Bustos and Anna Wray.
260 ## - PUBLICATION, DISTRIBUTION, ETC. (IMPRINT)
Place of publication, distribution, etc London, England :
Name of publisher, distributor, etc Usborne ;
Date of publication, distribution, etc 2021.
300 ## - PHYSICAL DESCRIPTION
Extent 128 pages.
Dimensions 1.6 x 17.2 x 24.2 cm.
490 ## - SERIES STATEMENT
Series statement For beginners
942 ## - ADDED ENTRY ELEMENTS (KOHA)
Source of classification or shelving scheme
Koha item type Book
Holdings
Withdrawn status Lost status Source of classification or shelving scheme Damaged status Not for loan Home library Current library Date acquired Total Checkouts Full call number Barcode Checked out Date last seen Date checked out Price effective from Koha item type
          Logos International School Logos International School 01/29/2025 9 J 340 HAL 040311 03/23/2026 03/13/2026 03/13/2026 01/29/2025 Book

For any Logos Library related questions please contact Miss Art at swongnarasuk@asianhope.org.

For any Asian Hope Library related questions please contact Miss Raza at graza@asianhope.org.

Powered by Koha